Statistics for Musical Acts by City #2

Click here to take the quiz!

General Stats

  • This quiz has been taken 9,839 times
    (5,489 since last reset)
  • The average score is 15 of 20

Answer Stats

Musical ActCity% Correct
Coldplay | David BowieLondon
96%
Red Hot Chili Peppers | The DoorsLos Angeles
93%
Eminem | Bob SegerDetroit
90%
Elvis Presley | Booker T. JonesMemphis
89%
Gloria Estefan | PitbullMiami
88%
W.A. Mozart | Johann StraussVienna
86%
Bob Marley | ShaggyKingston
85%
Drake | RushToronto
83%
Will Smith | The RootsPhiladelphia
80%
Kylie Minogue | Men at WorkMelbourne
79%
Björk | Sigur RósReykjavík
75%
Beyoncé | ZZ TopHouston
71%
Enrique Iglesias | Alejandro SanzMadrid
70%
Black Sabbath | Duran DuranBirmingham
63%
Prince | Soul AsylumMinneapolis
62%
Bangtan Boys (BTS) | Girls' GenerationSeoul
62%
Aqua | Lukas GrahamCopenhagen
49%
Arcade Fire | Leonard CohenMontreal
49%
Chuck Berry | NellySt. Louis
46%
N'Sync | Backstreet BoysOrlando
39%

Score Distribution

Percentile by Number Answered

Percent of People with Each Score

Your Score History

You have not taken this quiz since the last reset